Loading...
| Fine Arts - Visual | 4 | 4 | 0 | 1 | 100 | 35 | 87.88 | 1 | 6 | 0.00 | 0.00 |
| Literature - World | 0 | 7 | 0 | 2 | 70 | 97 | 122.43 | 1 | 4 | 0.00 | 0.00 |
| Literature - American | 1 | 5 | 0 | 1 | 65 | 69 | 105.00 | 2 | 3 | 0.00 | 0.00 |
| Literature - European | 0 | 6 | 1 | 2 | 55 | 86 | 114.83 | 2 | 4 | 0.00 | 0.00 |
| History - American | 1 | 4 | 2 | 0 | 45 | 75 | 89.60 | 1 | 3 | 0.00 | 0.00 |
| Fine Arts - Other | 0 | 5 | 1 | 1 | 45 | 89 | 115.80 | 1 | 3 | 0.00 | 0.00 |
| Mythology | 2 | 1 | 0 | 0 | 40 | 50 | 73.67 | 2 | 3 | 0.00 | 0.00 |
| Literature - British | 0 | 4 | 0 | 1 | 40 | 107 | 125.25 | 0 | 2 | 0.00 | 0.00 |
| Social Science | 0 | 3 | 0 | 1 | 30 | 96 | 108.00 | 0 | 1 | 0.00 | 0.00 |
| Philosophy | 0 | 3 | 0 | 0 | 30 | 118 | 125.33 | 0 | 0 | 0.00 | 0.00 |
| Pop Culture | 2 | 0 | 0 | 0 | 30 | 24 | 45.00 | 2 | 2 | 0.00 | 0.00 |
| Religion | 1 | 1 | 0 | 0 | 25 | 56 | 70.00 | 2 | 2 | 0.00 | 0.00 |
| History - Other | 0 | 2 | 0 | 0 | 20 | 84 | 89.50 | 1 | 1 | 0.00 | 0.00 |
| Fine Arts - Auditory | 0 | 2 | 1 | 0 | 15 | 71 | 96.00 | 0 | 0 | 0.00 | 0.00 |
| History - European | 1 | 0 | 0 | 0 | 15 | 85 | 85.00 | 0 | 0 | 0.00 | 0.00 |
| Current Events | 0 | 1 | 0 | 0 | 10 | 84 | 84.00 | 0 | 0 | 0.00 | 0.00 |
| History - World | 0 | 1 | 0 | 1 | 10 | 111 | 111.00 | 0 | 0 | 0.00 | 0.00 |
| Religion- | 0 | 0 | 1 | 0 | -5 | 0.00 | 0 | 0 | 0.00 | 0.00 |